Cezhraničné poskytovanie právnych služieb slovenským advokátom v ČR

Možnosť poskytovania právnych služieb advokátmi v iných členských štátoch Európskeho spoločenstva. Formálne predpoklady pre poskytnutie právnej služby slovenským advokátom v ČR.

Guardado en:
Detalles Bibliográficos
Autor principal: Mišura, Ján
Formato: Capítulo de libro
Lenguaje:eslovaco
Materias:
Etiquetas: Agregar Etiqueta
Sin Etiquetas, Sea el primero en etiquetar este registro!

MARC

LEADER 00000naa$a2200000$$$4500
001 0112239
005 20240502072239.1
041 0 |a slo 
044 |a SK 
245 1 0 |a Cezhraničné poskytovanie právnych služieb slovenským advokátom v ČR  |c Ján Mišura 
520 |a Možnosť poskytovania právnych služieb advokátmi v iných členských štátoch Európskeho spoločenstva. Formálne predpoklady pre poskytnutie právnej služby slovenským advokátom v ČR. 
610 2 0 |a služby 
610 2 0 |a právo 
610 2 0 |a advokáti 
610 2 0 |a Česko 
610 2 0 |a spolupráca cezhraničná 
610 2 0 |a advokácia 
610 2 0 |a zákony 
610 2 0 |a Slovensko 
100 1 |a Mišura, Ján